| 000 | 01006nam a2200229 a 4500 | ||
|---|---|---|---|
| 003 | AM-YeHGA | ||
| 005 | 20250618072308.0 | ||
| 008 | 041102s1937 ai 000 | arm d | ||
| 040 | _aAM-YeHGA | ||
| 041 | 1 | _aarm | |
| 100 | 1 |
_aՊուշկին, Ալեքսանդր Սերգեևիչ _96684 |
|
| 245 | 1 | 0 |
_aՏերտերն ու իր Բալդի ծառան / _cԱ.Ս. Պուշկին; Թարգմ.՝ Աթ. Խնկոյան; Նկ.՝ Ա. Ղարիբյան. |
| 260 |
_aՅերևան : _bՊետհրատ, _c1937. |
||
| 300 |
_a15 էջ : _b1 թ. դիմանկ., նկ. ; _c21 սմ. |
||
| 440 | 0 | _aՊուշկինը մանուկներին | |
| 650 | 1 | 4 |
_aՌուս մանկական գրականություն _xՊոեզիա |
| 700 | 0 |
_aԽնկո Ապեր, _d1870-1935 _eթարգմ. _4trl |
|
| 700 | 1 |
_aՂարիբյան, Արարատ Սմբատի, _d1903-1952 _eնկ. _4art _91937 |
|
| 856 | 4 |
_uhttp://greenstone.flib.sci.am/gsdl/collect/opac/books/terter.pdf _yԿարդալ առցանց _z |
|
| 942 |
_2udc _cBK |
||
| 090 | _c145397 | ||
| 999 |
_c144016 _d144016 |
||